| 000 | 01020nam a2200253Ia 4500 | ||
|---|---|---|---|
| 003 | OSt | ||
| 005 | 20220923224736.0 | ||
| 006 | a|||||r|||| 00| 0 | ||
| 007 | ta | ||
| 008 | 220922b |||||||| |||| 00| 0 hin d | ||
| 024 | _a249,397 | ||
| 037 | _cTextual | ||
| 040 |
_aARTS _cARTS _bhin |
||
| 041 |
_2hin _ahin |
||
| 082 | _aO152,1I83:g, L7;M7 | ||
| 100 |
_aशुक्ल, आचार्य रामचंद्र; मिश्र, विश्वनाथ प्रसाद, संपा. _9168207 |
||
| 245 | 0 | _aसूरदास; सूरदास | |
| 246 | _aSūradāsa; sūradāsa | ||
| 260 |
_aवाराणसी _b नागरी प्रचारिणी _c1977 |
||
| 300 |
_a142पृ. _ccm. |
||
| 650 |
_aहिन्दी साहित्य _9156264 |
||
| 942 |
_hO152,1I83:g, L7;M7 _cTEXL _2CC |
||
| 999 |
_c373338 _d373338 |
||